| 000 | 01163nmm a2200361 a 4500 | ||
|---|---|---|---|
| 003 | AR-BaBNM | ||
| 005 | 20251128204409.0 | ||
| 008 | 035119s1990 ||||||||||||||000 | spa|| | ||
| 020 | _a950-525-125-4 | ||
| 040 | _cAR-BaBNM | ||
| 100 | 1 | _aChaves, Luis | |
| 245 | 1 | 0 |
_aEducomunicación _bla comunicación entra en la escuela : para nivel primario |
| 260 |
_aBuenos Aires _bStella _bLa Crujía _c1990 |
||
| 300 | 0 | _bil. | |
| 500 | 0 | _aProducción y coordinación por Susana Nuin y Claudio Sordini | |
| 500 | 1 | _aDiseño y diagramación por María Isabel Betoño, Duilio López y Laura Porta | |
| 650 | 4 | _aMEDIOS DE COMUNICACION | |
| 650 | 4 | _aMEDIOS DE COMUNICACION SOCIAL | |
| 650 | 4 | _aEXPRESION ORAL | |
| 650 | 4 | _aPROCESO DE APRENDIZAJE | |
| 650 | 4 | _aSISTEMAS DE INFORMACION | |
| 650 | 4 | _aCOMUNICACION INTERPERSONAL | |
| 650 | 4 | _aCOMUNICACION EN GRUPO | |
| 650 | 4 | _aDINAMICA DE GRUPO | |
| 650 | 4 | _aMETODOS DE ENSENANZA | |
| 650 | 4 | _aOBJETIVOS EDUCACIONALES | |
| 650 | 4 | _aDESARROLLO DEL LENGUAJE | |
| 650 | 4 | _aTECNOLOGIA DE LAS COMUNICACIONES | |
| 650 | 4 | _aCREATIVIDAD | |
| 700 | 1 | _aFernandez, Graciela | |
| 942 | _cBK | ||
| 998 | _cCarmen | ||
| 999 |
_c7303 _d7303 |
||